Revueltas internas y penetraciones bárbaras en el Imperio

Na minha lista:
Detalhes bibliográficos
Autor principal: Bravo, Gonzalo (Author)
Formato: Livro
Idioma:espanhol
Publicado em: Madrid Akal 1991
Colecção:Akal. Historia del Mundo Antiguo. Roma, 64
Assuntos:
Tags: Adicionar Tag
Sem tags, seja o primeiro a adicionar uma tag!

MARC

LEADER 00000nam a2200000 a 4500
001 UCX6379
003 CL-VaPUC
008 930531e19910000SP |||||||||||||||||spa|d
082 0 4 |a 937.09  |b BRA  |2 21 
100 0 |a Bravo, Gonzalo  |e author  |9 322831 
245 1 0 |a Revueltas internas y penetraciones bárbaras en el Imperio 
300 |a 56 p 
942 |c BK 
945 |d 19930531 00:00:00 
260 |a Madrid  |b Akal  |c 1991 
650 7 |a PENSAMIENTO RELIGIOSO PERIODO PRIMITIVO  |2 CL-VaPUC  |9 322832 
650 0 |a Historia  |9 255047 
651 0 |a Roma   |9 255106 
583 |a last modification  |c 19930531 00:00:00  |k Rodrigo Vera 
490 0 |a Akal. Historia del Mundo Antiguo. Roma, 64 
999 |c 226404  |d 226402 
952 |0 0  |1 0  |4 0  |6 937_090000000000000_BRA_1991  |7 0  |8 A  |9 224715  |a BIBHIS  |b BIBHIS  |d 2019-11-15  |i 2934817  |l 1  |o 937.09 BRA 1991  |p 2934817  |r 2025-01-20  |s 2022-04-21  |w 2019-11-15  |y BK  |k HIS